| 000 | 00412nam a2200181Ia 4500 | ||
|---|---|---|---|
| 001 | 23894 | ||
| 005 | 20260414151007.0 | ||
| 008 | 260414t1961||||xx |||||||||||||| ||spa|| | ||
| 041 | _aESP | ||
| 082 |
_a720.92 _bM15A |
||
| 100 |
_aGutheim, Frederick, _eAUT |
||
| 245 | 0 |
_aAlvar Aalto _b |
|
| 260 | _c1961 | ||
| 300 |
_a127 páginas : _c26 cm. |
||
| 650 | _aABD | ||
| 654 | _aCAU | ||
| 942 |
_cLIB _dJUS _fJUS _2ddc _n |
||
| 999 |
_c23894 _d23894 |
||